Stabilizačná politika ako nástroj hospodárskej politiky bakalárska práca

Gespeichert in:
Bibliographische Detailangaben
1. Verfasser: Prna, Richard
Körperschaft: Národohospodárska fakulta EU. Katedra hospodárskej politiky
Weitere Verfasser: Lukáčik, Ján
Format: Buch
Sprache:Slowakisch
Veröffentlicht: Bratislava 2009
Tags: Tag hinzufügen
Keine Tags, Fügen Sie das erste Tag hinzu!

MARC

LEADER 00000nam$a2200000$$$4500
001 0101113
005 20240319123855.2
041 0 |a slo 
044 |a SK 
245 1 0 |a Stabilizačná politika ako nástroj hospodárskej politiky  |b bakalárska práca  |c Richard Prna ; škol. Ján Lukáčik 
264 1 |a Bratislava  |c 2009 
300 |a 41 s. 
100 1 |a Prna, Richard 
700 1 |a Lukáčik, Ján 
710 2 |a Národohospodárska fakulta EU. Katedra hospodárskej politiky